[Event "Liga Madrid 2009-2010 Division de Honor"]
[Site "Madrid ESP"]
[Date "2010.02.07"]
[Round "9.16"]
[White "Vazquez Torres, Adrian"]
[Black "Mansilla Tolosa, Luis"]
[Result "1-0"]
[WhiteElo "2144"]
[BlackElo "2099"]
[PlyCount "47"]
[EventDate "2009.11.22"]
[EventType "team"]
[EventRounds "14"]
[EventCountry "ESP"]
[Source "lmi"]
[SourceDate "2009.11.22"]

1. e4 c5 2. Nf3 d6 3. d4 cxd4 4. Nxd4 Nf6 5. Nc3 a6 6. Bg5 e6 7. f4 Qc7 8. Qf3
Be7 9. O-O-O Nc6 10. Be2 h6 11. Bh4 Nxd4 12. Rxd4 g5 13. fxg5 Nh7 14. g6 Bxh4
15. gxh7 Rxh7 16. Kb1 Bd7 17. e5 Bg5 18. exd6 Qb6 19. Rhd1 f5 20. Qh5+ Kf8 21.
Bc4 Bf6 22. R4d3 Rc8 23. Rg3 Be5 24. Qxf5+ 1-0

[Event "Liga Madrid 2009-2010 Division de Honor"]
[Site "Madrid ESP"]
[Date "2010.02.07"]
[Round "9.21"]
[White "Moreno Carnero, Javier"]
[Black "Moreno Ruiz, Javier"]
[Result "1/2-1/2"]
[WhiteElo "2518"]
[BlackElo "2459"]
[PlyCount "47"]
[EventDate "2009.11.22"]
[EventType "team"]
[EventRounds "14"]
[EventCountry "ESP"]
[Source "lmi"]
[SourceDate "2009.11.22"]

1. e4 e5 2. Nf3 Nc6 3. Bb5 Bc5 4. O-O Nge7 5. c3 Bb6 6. d4 exd4 7. cxd4 d5 8.
exd5 Nxd5 9. Re1+ Be6 10. a4 a5 11. Bg5 Qd6 12. Nbd2 O-O 13. Nc4 Qb4 14. Rc1
Rfe8 15. Nfe5 Nxe5 16. dxe5 Bxf2+ 17. Kxf2 c6 18. Bd2 Qe7 19. Nd6 cxb5 20. Nxe8
Qxe8 21. Rc5 b4 22. Bg5 h6 23. Bh4 Qd7 24. Kg1 1/2-1/2

[Event "Liga Madrid 2009-2010 Division de Honor"]
[Site "Madrid ESP"]
[Date "2010.02.07"]
[Round "9.22"]
[White "De La Fuente Gonzalez, Francisco"]
[Black "Gallego Jimenez, Victoriano"]
[Result "0-1"]
[WhiteElo "2237"]
[BlackElo "2421"]
[PlyCount "104"]
[EventDate "2009.11.22"]
[EventType "team"]
[EventRounds "14"]
[EventCountry "ESP"]
[Source "lmi"]
[SourceDate "2009.11.22"]

1. c4 b6 2. Nc3 e6 3. e4 Bb7 4. Nf3 Bb4 5. Bd3 Ne7 6. a3 Bxc3 7. dxc3 d6 8. Bg5
f6 9. Be3 e5 10. Qc2 Nd7 11. b4 O-O 12. O-O Ng6 13. c5 dxc5 14. Bc4+ Kh8 15.
Rfd1 Qe7 16. Rd2 Rfd8 17. Rad1 cxb4 18. cxb4 Ndf8 19. Bd5 Bxd5 20. Rxd5 Rxd5
21. exd5 Qd6 22. Rc1 Rc8 23. Qa4 Qxd5 24. Qxa7 Ne6 25. Qa4 Rd8 26. h3 e4 27.
Nd2 Ne5 28. Qb3 Qxb3 29. Nxb3 f5 30. Rc3 Rd1+ 31. Kh2 Rd3 32. Rxd3 Nxd3 33. Nd4
Nxd4 34. Bxd4 f4 35. g3 f3 36. g4 Kg8 37. Kg3 b5 38. h4 g6 39. h5 g5 40. Be3 h6
41. Bd4 Kf7 42. Kh2 Nf4 43. Be5 c6 44. Kg1 Nd5 45. Kh2 Nb6 46. Bb2 Nc4 47. Bc1
Kf6 48. Kg3 Ke5 49. Kh3 Kd4 50. Bxg5 hxg5 51. h6 Ne5 52. h7 Ng6 0-1

[Event "Liga Madrid 2009-2010 Division de Honor"]
[Site "Madrid ESP"]
[Date "2010.02.07"]
[Round "9.23"]
[White "Rojo Huerta, Gabriel"]
[Black "Sanchez-Alarcos Galian, Victor"]
[Result "1-0"]
[WhiteElo "2374"]
[BlackElo "2149"]
[PlyCount "97"]
[EventDate "2009.11.22"]
[EventType "team"]
[EventRounds "14"]
[EventCountry "ESP"]
[Source "lmi"]
[SourceDate "2009.11.22"]

1. d4 d5 2. c4 c6 3. Nf3 Nf6 4. e3 Bf5 5. cxd5 cxd5 6. Qb3 Qc7 7. Bd2 Nc6 8.
Bb5 e6 9. O-O Bd6 10. Bb4 O-O 11. Bxc6 bxc6 12. Nbd2 Bxb4 13. Qxb4 Qb6 14. Qa3
Rfb8 15. b3 Rc8 16. Rfc1 Nd7 17. Rc3 Rc7 18. Rac1 Rac8 19. b4 Qb5 20. Nb3 Nb6
21. Nc5 Nc4 22. Qb3 a5 23. bxa5 Qxa5 24. Ne5 Nxe5 25. dxe5 Qa7 26. a4 h6 27.
Qa3 Qa5 28. Nb3 Qa6 29. a5 c5 30. Nxc5 Qa7 31. h3 g5 32. Nd7 Rxc3 33. Nf6+ Kg7
34. Rxc3 Ra8 35. Rc5 Qb8 36. Qc3 Be4 37. f3 Bh7 38. Nh5+ Kf8 39. Rc7 Bg6 40.
Qc5+ Kg8 41. Nf6+ Kg7 42. Kh2 Qb2 43. Qd6 Bd3 44. Qxe6 Bg6 45. Ng4 Rf8 46. Qf6+
Kh7 47. e6 Qxf6 48. Nxf6+ Kg7 49. e7 1-0

[Event "Liga Madrid 2009-2010 Division de Honor"]
[Site "Madrid ESP"]
[Date "2010.02.07"]
[Round "9.24"]
[White "Arauz Alonso, Fernando"]
[Black "Navarro Nicolas, Victor Manuel"]
[Result "1/2-1/2"]
[WhiteElo "2140"]
[BlackElo "2228"]
[PlyCount "119"]
[EventDate "2009.11.22"]
[EventType "team"]
[EventRounds "14"]
[EventCountry "ESP"]
[Source "lmi"]
[SourceDate "2009.11.22"]

1. d4 Nf6 2. Nf3 c5 3. e3 g6 4. Be2 Bg7 5. O-O d5 6. b3 cxd4 7. exd4 Nc6 8. Bb2
O-O 9. c4 Bf5 10. Nc3 Rc8 11. cxd5 Nxd5 12. Nxd5 Qxd5 13. Bc4 Qa5 14. Qe2 Bg4
15. Rfd1 Qh5 16. Rab1 Rfd8 17. d5 Bxf3 18. Qxf3 Qxf3 19. gxf3 Ne5 20. Kg2 Nxc4
21. bxc4 Rd7 22. Rdc1 Bxb2 23. Rxb2 b6 24. Rb5 e6 25. dxe6 fxe6 26. c5 Rdc7 27.
Re1 Rxc5 28. Rxc5 Rxc5 29. Rxe6 Ra5 30. Re2 Ra3 31. Kg3 Kf7 32. h4 h5 33. Rd2
Ra4 34. Rc2 Kf6 35. Rd2 Ke5 36. Rc2 Kf5 37. Rd2 Rc4 38. Rd7 a5 39. Rf7+ Ke6 40.
Rg7 Kf6 41. Rd7 Rc6 42. Kf4 b5 43. Rb7 Rc4+ 44. Kg3 Rb4 45. a3 Rb3 46. Kf4 b4
47. Rb6+ Kf7 48. a4 Ra3 49. Kg5 Rxf3 50. Rb7+ Ke6 51. Rb6+ Kd5 52. Kxg6 Kc4 53.
Rb5 b3 54. Kxh5 Kc3 55. Kg4 Rxf2 56. Rxa5 Ra2 57. Kg5 Rxa4 58. Rc5+ Rc4 59. Rf5
b2 60. Rf1 1/2-1/2

[Event "Liga Madrid 2009-2010 Division de Honor"]
[Site "Madrid ESP"]
[Date "2010.02.07"]
[Round "9.25"]
[White "Barez Menendez, Hector"]
[Black "Sanchez Naranjo, Jose Manuel"]
[Result "0-1"]
[WhiteElo "2144"]
[BlackElo "2090"]
[PlyCount "94"]
[EventDate "2009.11.22"]
[EventType "team"]
[EventRounds "14"]
[EventCountry "ESP"]
[Source "lmi"]
[SourceDate "2009.11.22"]

1. Nf3 Nf6 2. c4 g6 3. g3 Bg7 4. Bg2 O-O 5. O-O d6 6. d4 Nc6 7. Nc3 a6 8. d5
Na5 9. Nd2 c5 10. Qc2 Rb8 11. b3 b5 12. Bb2 Nd7 13. Rae1 bxc4 14. bxc4 Qc7 15.
Nd1 Bxb2 16. Nxb2 Nf6 17. f4 Ne8 18. e4 Ng7 19. Nd3 e6 20. e5 exd5 21. cxd5 Bf5
22. Ne4 c4 23. exd6 Qb6+ 24. Ndf2 Bxe4 25. Bxe4 Qxd6 26. f5 Rbc8 27. Qc3 Nb7
28. Ng4 Qc5+ 29. Kh1 Nd6 30. Nf6+ Kh8 31. Bg2 Rcd8 32. fxg6 fxg6 33. Nd7 Rxf1+
34. Rxf1 Qc7 35. Qf6 Ndf5 36. Ne5 Kg8 37. Nc6 Rf8 38. Qc3 Nd6 39. Rxf8+ Kxf8
40. Qf6+ Nf7 41. Nd4 Qe5 42. Qf2 Kg8 43. h4 Nh5 44. Kh2 Nh6 45. Bf3 Nf6 46. Qb2
Nf5 47. Qf2 Nxd4 0-1

[Event "Liga Madrid 2009-2010 Division de Honor"]
[Site "Madrid ESP"]
[Date "2010.02.07"]
[Round "9.26"]
[White "Ruiz Martin, Juan"]
[Black "Gemy Vargas, Daniel"]
[Result "0-1"]
[WhiteElo "2037"]
[BlackElo "2169"]
[PlyCount "48"]
[EventDate "2009.11.22"]
[EventType "team"]
[EventRounds "14"]
[EventCountry "ESP"]
[Source "lmi"]
[SourceDate "2009.11.22"]

1. e4 c5 2. Nf3 Nc6 3. d4 cxd4 4. Nxd4 d6 5. Nc3 g6 6. Be3 Bg7 7. Qd2 Nf6 8. f3
a6 9. Nxc6 bxc6 10. Bc4 Rb8 11. Na4 O-O 12. Rd1 Qc7 13. O-O d5 14. exd5 cxd5
15. Bxd5 Nxd5 16. Qxd5 Qxc2 17. Nb6 Qxb2 18. Rb1 Qe5 19. Qd2 Bf5 20. Rb4 Rfd8
21. Qf2 Qe6 22. Re1 Bc3 23. Bd2 Rxd2 24. Qg3 Qd6 0-1

[Event "Liga Madrid 2009-2010 Division de Honor"]
[Site "Madrid ESP"]
[Date "2010.02.07"]
[Round "9.31"]
[White "Arribas Lopez, Angel"]
[Black "Valles Moreno, Ivan"]
[Result "0-1"]
[WhiteElo "2481"]
[BlackElo "2424"]
[PlyCount "76"]
[EventDate "2009.11.22"]
[EventType "team"]
[EventRounds "14"]
[EventCountry "ESP"]
[Source "lmi"]
[SourceDate "2009.11.22"]

1. e4 c5 2. Nc3 Nc6 3. Nge2 e6 4. g3 d6 5. Bg2 Nf6 6. O-O Be7 7. h3 a6 8. d3
Qc7 9. g4 h6 10. f4 b5 11. Ng3 g6 12. Nce2 Bb7 13. c3 d5 14. e5 Nd7 15. d4
O-O-O 16. f5 gxf5 17. gxf5 Rdg8 18. Bf4 Qb6 19. Kh2 h5 20. f6 Bf8 21. h4 Bh6
22. Bxh6 Rxh6 23. Bh3 Ncxe5 24. dxe5 Nxe5 25. b4 Ng4+ 26. Bxg4 Rxg4 27. Kh3
Rhg6 28. bxc5 Qc7 29. Qd3 Kb8 30. Qe3 Bc8 31. a4 e5 32. Kg2 d4 33. cxd4 exd4
34. Qd3 Bb7+ 35. Kh3 Be4 36. Qb3 d3 37. Rg1 dxe2 38. Qe3 Qd7 0-1

[Event "Liga Madrid 2009-2010 Division de Honor"]
[Site "Madrid ESP"]
[Date "2010.02.07"]
[Round "9.32"]
[White "Sanchez Gonzalez, Sergio"]
[Black "Gallardo Garcia, Andres"]
[Result "0-1"]
[WhiteElo "2322"]
[BlackElo "2418"]
[PlyCount "106"]
[EventDate "2009.11.22"]
[EventType "team"]
[EventRounds "14"]
[EventCountry "ESP"]
[Source "lmi"]
[SourceDate "2009.11.22"]

1. c4 Nf6 2. Nc3 g6 3. e4 d6 4. d4 Bg7 5. Be2 O-O 6. Nf3 Na6 7. O-O e5 8. dxe5
dxe5 9. Qc2 Nh5 10. Rd1 Qe8 11. c5 Nxc5 12. Nd5 Ne6 13. Nxc7 Nxc7 14. Qxc7 b6
15. Bg5 Nf4 16. Bxf4 exf4 17. Qxf4 Bxb2 18. Rab1 Bg7 19. Bb5 Qe6 20. Qc7 Qxa2
21. Bc6 Bg4 22. Bxa8 Rxa8 23. Qf4 Be6 24. e5 Qc4 25. Rd4 Qc7 26. h3 Rc8 27.
Rbd1 h6 28. Qh4 g5 29. Qg3 b5 30. h4 g4 31. Rxg4 Bxg4 32. Qxg4 Qc4 33. Qd7 a5
34. Rd4 Qc6 35. Qe7 a4 36. Kh2 Re8 37. Qa7 Rxe5 38. Rg4 Rd5 39. Qb8+ Kh7 40.
Qa7 Qd7 41. Qa8 Qxg4 42. Qxd5 Qc4 43. Qf5+ Kg8 44. g3 a3 45. Nd2 Qc3 46. Ne4
Qd4 47. Qc8+ Kh7 48. Qc2 f5 49. Nd2 Qd5 50. Nb3 Qe4 51. Qd2 Qc4 52. Nc1 b4 53.
Qd7 Qxc1 0-1

[Event "Liga Madrid 2009-2010 Division de Honor"]
[Site "Madrid ESP"]
[Date "2010.02.07"]
[Round "9.33"]
[White "Candela Perez, Jose"]
[Black "Perez Gonzalez, Jose Manuel"]
[Result "1-0"]
[WhiteElo "2416"]
[BlackElo "2332"]
[PlyCount "73"]
[EventDate "2009.11.22"]
[EventType "team"]
[EventRounds "14"]
[EventCountry "ESP"]
[Source "lmi"]
[SourceDate "2009.11.22"]

1. e4 d6 2. d4 Nf6 3. Nc3 g6 4. g3 Bg7 5. Bg2 O-O 6. h3 e5 7. Nge2 c6 8. a4
exd4 9. Nxd4 Na6 10. O-O Re8 11. Bg5 h6 12. Bf4 Nb4 13. a5 g5 14. Bc1 d5 15.
exd5 cxd5 16. Be3 Ne4 17. Nce2 Bd7 18. c3 Na6 19. Qb3 Bc6 20. Nf5 Qd7 21. Nxg7
Kxg7 22. Nd4 Nac5 23. Qc2 Bb5 24. Rfd1 Rad8 25. g4 Kg8 26. b3 Rc8 27. Nf5 Qe6
28. Nd4 Qa6 29. b4 Bd3 30. Qb2 Na4 31. Rxa4 Nxc3 32. Raa1 Nxd1 33. Rxd1 Be4 34.
Bxe4 Rxe4 35. Nf5 Qg6 36. Rxd5 h5 37. Rd6 1-0

[Event "Liga Madrid 2009-2010 Division de Honor"]
[Site "Madrid ESP"]
[Date "2010.02.07"]
[Round "9.34"]
[White "Vallejo Diaz, Javier"]
[Black "Taboas Rodriguez, Daniel"]
[Result "1/2-1/2"]
[WhiteElo "2310"]
[BlackElo "2359"]
[PlyCount "101"]
[EventDate "2009.11.22"]
[EventType "team"]
[EventRounds "14"]
[EventCountry "ESP"]
[Source "lmi"]
[SourceDate "2009.11.22"]

1. e4 e6 2. d4 d5 3. Nd2 c5 4. exd5 exd5 5. Ngf3 Nc6 6. Bb5 Bd6 7. dxc5 Bxc5 8.
O-O Nge7 9. Nb3 Bd6 10. Bg5 O-O 11. c3 h6 12. Bh4 Qb6 13. Bd3 Bg4 14. Bxe7 Bxe7
15. h3 Be6 16. Bc2 Bf6 17. Re1 Rfe8 18. Qd2 a5 19. Rad1 Kf8 20. Qe3 Qxe3 21.
Rxe3 a4 22. Nc5 a3 23. bxa3 Rxa3 24. Bb3 b6 25. Nxe6+ fxe6 26. Rde1 Nd8 27. Nd4
Bxd4 28. cxd4 Ra5 29. f4 g6 30. g4 Ke7 31. Kh2 Kd6 32. f5 gxf5 33. gxf5 Rb5 34.
Re5 Rb4 35. Bxd5 Rxd4 36. Bb3 Rd2+ 37. Kh1 Rd3 38. fxe6 Nc6 39. Rh5 Ne7 40. Rd1
Rxd1+ 41. Bxd1 Kxe6 42. Rxh6+ Ke5 43. Rxb6 Nd5 44. Rb5 Kd4 45. Bg4 Nc3 46. Ra5
Rb8 47. a3 Rb2 48. Rf5 Ra2 49. a4 Rxa4 50. Rf4+ Ke5 51. Rxa4 1/2-1/2

[Event "Liga Madrid 2009-2010 Division de Honor"]
[Site "Madrid ESP"]
[Date "2010.02.07"]
[Round "9.35"]
[White "Cesar Benavides, Juan Antonio"]
[Black "Fernandez Garcia, Miguel Angel"]
[Result "1/2-1/2"]
[WhiteElo "2175"]
[BlackElo "2254"]
[PlyCount "91"]
[EventDate "2009.11.22"]
[EventType "team"]
[EventRounds "14"]
[EventCountry "ESP"]
[Source "lmi"]
[SourceDate "2009.11.22"]

1. d4 Nf6 2. c4 e6 3. Nc3 Bb4 4. Qc2 O-O 5. a3 Bxc3+ 6. Qxc3 Ne4 7. Qc2 f5 8.
e3 b6 9. Ne2 c5 10. f3 Nd6 11. dxc5 bxc5 12. Nf4 a5 13. b3 Ne8 14. Bb2 Nc6 15.
Be2 Rb8 16. Rb1 d6 17. O-O Qb6 18. Ba1 Qa7 19. Qc3 e5 20. Nd5 Be6 21. Qd2 a4
22. bxa4 Rxb1 23. Rxb1 Kh8 24. a5 Qxa5 25. Qxa5 Nxa5 26. Rb6 Bd7 27. Bc3 Nc6
28. a4 Nf6 29. a5 Rb8 30. a6 Rxb6 31. Nxb6 Be6 32. Bd1 Na7 33. Ba4 Kg8 34. Kf2
Kf7 35. Ke2 Ne8 36. Bxe8+ Kxe8 37. f4 exf4 38. exf4 g6 39. Bf6 Nc8 40. Nxc8
Bxc8 41. a7 Bb7 42. g3 Kd7 43. Kd3 Kc7 44. Be7 Kd7 45. Bf8 Bc6 46. Kc3 1/2-1/2

[Event "Liga Madrid 2009-2010 Division de Honor"]
[Site "Madrid ESP"]
[Date "2010.02.07"]
[Round "9.36"]
[White "Paredes Sanchez, Juan"]
[Black "Nunez Gutierrez, Juan Carlos"]
[Result "1-0"]
[WhiteElo "2200"]
[BlackElo "2101"]
[PlyCount "105"]
[EventDate "2009.11.22"]
[EventType "team"]
[EventRounds "14"]
[EventCountry "ESP"]
[Source "lmi"]
[SourceDate "2009.11.22"]

1. e4 e5 2. Nf3 Nf6 3. d4 Nxe4 4. Bd3 d5 5. dxe5 Nc5 6. Be2 Be7 7. O-O O-O 8.
Be3 Bg4 9. h3 Bh5 10. Nc3 c6 11. Nd4 Bxe2 12. Qxe2 Ne6 13. Nf5 g6 14. Nxe7+
Qxe7 15. Rad1 f6 16. Bh6 Re8 17. exf6 Qxf6 18. Rfe1 Nd7 19. Ne4 Qh4 20. Qe3
Nef8 21. f3 dxe4 22. Bg5 Qh5 23. f4 Qxd1 24. Rxd1 Nb6 25. Qb3+ Re6 26. a4 Rae8
27. g4 Kg7 28. a5 Nd5 29. c4 Nf6 30. Qc3 Kf7 31. Re1 N8d7 32. Qd4 c5 33. Qc3
Rd6 34. Bxf6 Nxf6 35. Re3 h6 36. b4 b6 37. axb6 axb6 38. bxc5 bxc5 39. g5 hxg5
40. fxg5 Nd7 41. Qc2 Rd4 42. Kg2 Kg7 43. Kg3 Nb6 44. Qb2 Nxc4 45. Qb7+ Kg8 46.
Qc6 Re5 47. Qxg6+ Kf8 48. Re1 Rd3+ 49. Kg4 Ke7 50. Rxe4 Rd4 51. Qf6+ Ke8 52.
Rxd4 cxd4 53. Qc6+ 1-0

[Event "Liga Madrid 2009-2010 Division de Honor"]
[Site "Madrid ESP"]
[Date "2010.02.07"]
[Round "9.41"]
[White "Garcia Luengo, Leandro"]
[Black "Roa Alonso, Santiago"]
[Result "0-1"]
[WhiteElo "2308"]
[BlackElo "2412"]
[PlyCount "76"]
[EventDate "2009.11.22"]
[EventType "team"]
[EventRounds "14"]
[EventCountry "ESP"]
[Source "lmi"]
[SourceDate "2009.11.22"]

1. e4 d6 2. d4 Nf6 3. Nc3 g6 4. Nf3 Bg7 5. Bf4 Nc6 6. Qd2 Bg4 7. d5 Nb8 8.
O-O-O c6 9. Bh6 Bxh6 10. Qxh6 Nbd7 11. Be2 Qb6 12. Qh4 Bxf3 13. gxf3 Rc8 14. f4
cxd5 15. Nxd5 Qa5 16. Kb1 Qa4 17. Nxf6+ Nxf6 18. Bd3 O-O 19. f5 Nd5 20. fxg6
hxg6 21. a3 Nc3+ 22. Ka1 Nxd1 23. Rxd1 Rxc2 24. Bxc2 Qxc2 25. Rg1 e6 26. f3 Kg7
27. Qf4 e5 28. Qh4 Qb3 29. Qg4 b5 30. h4 b4 31. axb4 Qa4+ 32. Kb1 Rb8 33. h5
Qxb4 34. Rg2 Qe1+ 35. Kc2 Rb4 36. hxg6 Rc4+ 37. Kd3 Rd4+ 38. Kc2 Qd1+ 0-1

[Event "Liga Madrid 2009-2010 Division de Honor"]
[Site "Madrid ESP"]
[Date "2010.02.07"]
[Round "9.42"]
[White "Cao Armillas, Jesus"]
[Black "Salcedo Tornero, Pablo"]
[Result "0-1"]
[WhiteElo "2205"]
[BlackElo "2184"]
[PlyCount "86"]
[EventDate "2009.11.22"]
[EventType "team"]
[EventRounds "14"]
[EventCountry "ESP"]
[Source "lmi"]
[SourceDate "2009.11.22"]

1. d4 d5 2. c4 dxc4 3. Nf3 Nf6 4. e3 e6 5. Bxc4 c5 6. O-O Nc6 7. Qe2 a6 8. a4
Be7 9. Rd1 Qc7 10. Nc3 O-O 11. h3 Bd7 12. dxc5 Bxc5 13. e4 Ne5 14. Ba2 Nxf3+
15. Qxf3 Bc6 16. Bf4 Qb6 17. Qe2 Qb4 18. Rac1 Rfd8 19. Bb1 Rxd1+ 20. Rxd1 Nd7
21. Qc2 e5 22. Bd2 Bd4 23. b3 Nc5 24. Nd5 Qxb3 25. Ne7+ Kf8 26. Qxb3 Nxb3 27.
Nxc6 bxc6 28. Bc2 Nxd2 29. Rxd2 Ke7 30. Kf1 Rb8 31. Bd3 a5 32. Ke2 Rb4 33. Ra2
Kd6 34. f3 c5 35. Bb5 c4 36. Be8 f6 37. Kd2 Bb2 38. Bf7 Kc5 39. Ke3 c3 40. Kd3
Rd4+ 41. Kc2 Rd2+ 42. Kb3 Rxg2 43. Bc4 Kd4 0-1

[Event "Liga Madrid 2009-2010 Division de Honor"]
[Site "Madrid ESP"]
[Date "2010.02.07"]
[Round "9.43"]
[White "Martinez Medina, Enrique"]
[Black "Cepeda Delgado, Camilo Jose"]
[Result "0-1"]
[WhiteElo "2175"]
[BlackElo "2141"]
[PlyCount "58"]
[EventDate "2009.11.22"]
[EventType "team"]
[EventRounds "14"]
[EventCountry "ESP"]
[Source "lmi"]
[SourceDate "2009.11.22"]

1. c4 e6 2. g3 f5 3. Bg2 Nf6 4. d3 Bb4+ 5. Nd2 O-O 6. Ngf3 d6 7. O-O Bxd2 8.
Bxd2 Nc6 9. b4 Rb8 10. b5 Ne7 11. Qb3 Nd7 12. Be3 b6 13. d4 h6 14. a4 a5 15.
Qa3 Bb7 16. Rac1 Nf6 17. Nd2 Bxg2 18. Kxg2 Rc8 19. Qc3 Qe8 20. f3 Qh5 21. Bf2
g5 22. e4 g4 23. exf5 exf5 24. f4 d5 25. Rfe1 Rfe8 26. Re6 Qf7 27. Rce1 Ne4 28.
R6xe4 fxe4 29. cxd5 Nxd5 0-1

[Event "Liga Madrid 2009-2010 Division de Honor"]
[Site "Madrid ESP"]
[Date "2010.02.07"]
[Round "9.44"]
[White "Lorite Cruz, Francisco"]
[Black "Piña Sierra, Julia"]
[Result "1-0"]
[WhiteElo "2073"]
[BlackElo "2061"]
[PlyCount "61"]
[EventDate "2009.11.22"]
[EventType "team"]
[EventRounds "14"]
[EventCountry "ESP"]
[Source "lmi"]
[SourceDate "2009.11.22"]

1. e4 c5 2. Nf3 d6 3. d4 cxd4 4. Nxd4 Nf6 5. Nc3 g6 6. Be3 Bg7 7. f3 Nc6 8. Qd2
O-O 9. Bc4 Bd7 10. O-O-O Rc8 11. Bb3 Ne5 12. Kb1 Nc4 13. Bxc4 Rxc4 14. h4 h5
15. Rhe1 b5 16. Qd3 Qa5 17. Nb3 Qc7 18. Bg5 Be6 19. Nxb5 Qb7 20. N5d4 Rfc8 21.
Nxe6 fxe6 22. e5 Rxc2 23. exf6 exf6 24. Rd2 Qb4 25. Re4 R2c4 26. Rxc4 Rxc4 27.
Be3 Rxh4 28. a3 Qb7 29. Ka2 d5 30. Qxg6 Kf8 31. Nd4 1-0

[Event "Liga Madrid 2009-2010 Division de Honor"]
[Site "Madrid ESP"]
[Date "2010.02.07"]
[Round "9.45"]
[White "Garcia Diaz, Victor"]
[Black "San Juan Rodriguez, Miguel"]
[Result "1-0"]
[WhiteElo "2095"]
[BlackElo "2073"]
[PlyCount "99"]
[EventDate "2009.11.22"]
[EventType "team"]
[EventRounds "14"]
[EventCountry "ESP"]
[Source "lmi"]
[SourceDate "2009.11.22"]

1. e4 e5 2. Nf3 Nf6 3. Nxe5 d6 4. Nf3 Nxe4 5. Nc3 Nf6 6. d4 Be7 7. h3 O-O 8.
Bd3 Re8 9. Be3 c6 10. Qd2 Na6 11. a3 Nc7 12. O-O Be6 13. Ng5 Bd5 14. Nxd5 Ncxd5
15. c4 Nxe3 16. fxe3 h6 17. Nf3 Bf8 18. Rae1 Ne4 19. Qc2 Qe7 20. b4 g6 21. c5
Bg7 22. cxd6 Nxd6 23. e4 Nb5 24. Bxb5 cxb5 25. e5 Red8 26. Qe4 Qd7 27. Rc1 a5
28. Rfd1 axb4 29. axb4 Qd5 30. Qxd5 Rxd5 31. Rc5 Rad8 32. Rxd5 Rxd5 33. Kf2 Bf8
34. Ke3 Bxb4 35. Ke4 Rd8 36. Rb1 Ba5 37. Rxb5 b6 38. d5 Rc8 39. d6 Kf8 40. Rd5
Bc3 41. g4 Ra8 42. Rb5 Ra4+ 43. Kd3 Ba5 44. Nd4 Ke8 45. Rb2 Ra3+ 46. Rb3 Rxb3+
47. Nxb3 Kd7 48. h4 f6 49. exf6 g5 50. f7 1-0

[Event "Liga Madrid 2009-2010 Division de Honor"]
[Site "Madrid ESP"]
[Date "2010.02.07"]
[Round "9.46"]
[White "Tipter, Napoleon"]
[Black "De La Rosa Bretin, Adrian"]
[Result "1-0"]
[WhiteElo "2048"]
[BlackElo "1795"]
[PlyCount "86"]
[EventDate "2009.11.22"]
[EventType "team"]
[EventRounds "14"]
[EventCountry "ESP"]
[Source "lmi"]
[SourceDate "2009.11.22"]

1. e4 e5 2. f4 exf4 3. Bc4 c6 4. Qe2 Nf6 5. Nc3 Bb4 6. Nf3 O-O 7. O-O d5 8.
exd5 cxd5 9. Bb3 Bg4 10. Qb5 Bxc3 11. bxc3 Qb6+ 12. Qxb6 axb6 13. d3 Nc6 14.
Bxf4 h6 15. Nd4 Nxd4 16. cxd4 Be6 17. Bxh6 Nh5 18. Bd2 g6 19. Rae1 Rfd8 20. Re5
Rac8 21. Bg5 Rd7 22. Ba4 Rdc7 23. Rb1 Ra8 24. Bb3 Rc6 25. Rbe1 Ng7 26. g4 Bxg4
27. Rxd5 Be6 28. Rxe6 Nxe6 29. Be3 Rd8 30. c4 Rcd6 31. Rxd6 Rxd6 32. d5 Nc5 33.
Bc2 f5 34. a4 Kf7 35. a5 Nd7 36. axb6 Nxb6 37. Bb3 Nc8 38. c5 Ra6 39. Bc4 Ra5
40. d6+ Ke8 41. Be6 Nxd6 42. cxd6 f4 43. Bxf4 b5 1-0

[Event "Liga Madrid 2009-2010 Division de Honor"]
[Site "Madrid ESP"]
[Date "2010.02.14"]
[Round "10.11"]
[White "Almagro Llamas, Pablo"]
[Black "Garcia Luengo, Leandro"]
[Result "1/2-1/2"]
[WhiteElo "2453"]
[BlackElo "2308"]
[PlyCount "28"]
[EventDate "2009.11.22"]
[EventType "team"]
[EventRounds "14"]
[EventCountry "ESP"]
[Source "lmi"]
[SourceDate "2009.11.22"]

1. e4 c5 2. Nf3 g6 3. c3 Bg7 4. d4 cxd4 5. cxd4 d5 6. exd5 Nf6 7. Bb5+ Nbd7 8.
Nc3 O-O 9. O-O Nb6 10. Re1 Nbxd5 11. Bg5 Be6 12. Qd2 Rc8 13. Rac1 Qd6 14. Bf1
Rfd8 1/2-1/2

[Event "Liga Madrid 2009-2010 Division de Honor"]
[Site "Madrid ESP"]
[Date "2010.02.14"]
[Round "10.12"]
[White "Salcedo Tornero, Pablo"]
[Black "Rubio Mejia, Luis Ignacio"]
[Result "1/2-1/2"]
[WhiteElo "2184"]
[BlackElo "2350"]
[PlyCount "52"]
[EventDate "2009.11.22"]
[EventType "team"]
[EventRounds "14"]
[EventCountry "ESP"]
[Source "lmi"]
[SourceDate "2009.11.22"]

1. g3 c5 2. Bg2 Nc6 3. Nc3 g6 4. d3 Bg7 5. e4 d6 6. f4 e6 7. Nf3 Nge7 8. O-O
O-O 9. Be3 b6 10. f5 exf5 11. Qd2 fxe4 12. dxe4 Ne5 13. Bg5 Be6 14. Rad1 Nc4
15. Qc1 Rb8 16. Nb5 Qd7 17. b3 a6 18. Nxd6 Nxd6 19. e5 Nd5 20. exd6 Nc3 21.
Rde1 Nxa2 22. Qf4 Nb4 23. Re2 Rfe8 24. Rd2 Bf5 25. Be7 Rec8 26. Ne5 Qe6 1/2-1/2

[Event "Liga Madrid 2009-2010 Division de Honor"]
[Site "Madrid ESP"]
[Date "2010.02.14"]
[Round "10.14"]
[White "De La Rosa Bretin, Adrian"]
[Black "Anton Guijarro, David"]
[Result "0-1"]
[WhiteElo "1795"]
[BlackElo "2300"]
[PlyCount "28"]
[EventDate "2009.11.22"]
[EventType "team"]
[EventRounds "14"]
[EventCountry "ESP"]
[Source "lmi"]
[SourceDate "2009.11.22"]

1. e4 c5 2. Nf3 Nc6 3. d4 cxd4 4. Nxd4 Nf6 5. Nc3 d6 6. Bc4 Bd7 7. Be3 Ng4 8.
Qf3 Nce5 9. Bxf7+ Nxf7 10. Qe2 g6 11. f4 Nxe3 12. Qxe3 Bh6 13. g4 e5 14. g5
exd4 0-1

[Event "Liga Madrid 2009-2010 Division de Honor"]
[Site "Madrid ESP"]
[Date "2010.02.14"]
[Round "10.21"]
[White "Roa Alonso, Santiago"]
[Black "Arribas Lopez, Angel"]
[Result "1-0"]
[WhiteElo "2412"]
[BlackElo "2481"]
[PlyCount "77"]
[EventDate "2009.11.22"]
[EventType "team"]
[EventRounds "14"]
[EventCountry "ESP"]
[Source "lmi"]
[SourceDate "2009.11.22"]

1. d4 Nf6 2. c4 e6 3. Nf3 d5 4. Nc3 Bb4 5. e3 O-O 6. a3 Bxc3+ 7. bxc3 c5 8.
cxd5 exd5 9. Bd3 Bg4 10. O-O Nbd7 11. Qe1 Re8 12. Nh4 Qc7 13. f3 Bh5 14. Nf5
Bg6 15. Rb1 Nb6 16. g4 Re6 17. Qg3 Qxg3+ 18. hxg3 Rc8 19. Bd2 Rc7 20. Kf2 Nc4
21. Bxc4 dxc4 22. e4 cxd4 23. cxd4 h5 24. d5 Ra6 25. Bb4 Bxf5 26. gxf5 Nd7 27.
d6 Rc8 28. Rfd1 Ra4 29. Rd5 Re8 30. Ra5 Rxa5 31. Bxa5 b6 32. Bc3 Ne5 33. Ke3
Nd3 34. Rb5 f6 35. f4 Nc5 36. Rxc5 bxc5 37. Ba5 Rb8 38. d7 Rb3+ 39. Ke2 1-0